000 00549nam a22001937a 4500
999 _c17355
_d17355
003 AR-CdUCM
008 190508b ||||| |||| 00| 0 spa d
040 _aMUNICIPALIDAD PROVINCIAL DEL CUSCO
_cBIBLIOTECA MUNICIPAL DEL CUSCO
082 _a891.3 /
_bT68
100 _aTolstoi, Leon
_99772
245 _aAna Karenin /
260 _aBarcelona :
_bRamón Sopena,
_c1960.
300 _a535 páginas ;
_c19 cm.
505 _aContenido : Novela
650 _aNovela
_95
650 _aLiteratura
_983
942 _2ddc
_cLIBROS
945 _arah
_d08/05/2019